Prix des consoles Playstation à leur sortie - Statistiques

Statistiques générales
  • Ce quiz a été pris 88 fois
  • Le résultat moyen est 10 sur 19
Statistiques - réponses
Console Année de sortie Prix à sa sortie % Correct
PSP Go 2009 199,99 $
78%
PS VIta Slim 2013 299,99 $
78%
Playstation 4 Pro 2016 399,99 $
74%
PSP-1000 2004 249,99$
69%
PS Vita 2011 249,99 $
69%
Playstation 5 Slim 2023 449,99 $
65%
Playstation 3 2006 499 $
62%
Playstation 5 2020 499 $
62%
Playstation 4 2013 399 $
61%
Playstation 1994 299 $
48%
Playstation 2 2000 299 $
48%
Playstation 3 Slim 2009 299 $
48%
Playstation 4 Slim 2016 299 $
48%
PS One 2000 99 $
42%
Playstation 2 Slim 2004 149 $
31%
PSP-2000 2007 249 $
31%
PSP Street 2011 249 $
31%
Playstation 3 Super Slim 2012 269 $
9%
PSP-3000 2008 255 $
4%
Aucun quiz correspondant
Distribution des résultats
% des personnes avec chaque résultat
Percentile par nombre de réponses
Votre historique - résultats
Vous n’avez pas pris ce quiz